Samson & Gert liedjes - Statistics

General Stats
  • This quiz has been taken 206 times
    153 since last reset
  • The average score is 51 of 179
Answer Stats
Hint Answer % Correct
Samsonrock
86%
Alles is op
81%
Wereld is mooi De wereld is mooi
71%
Wij zijn bij de brandweer
67%
1 Er zit meer in een liedje
62%
Ochtendgymnastiek
62%
Spaghetti
62%
Oh lalala Oh lalala
57%
Samen op de moto
57%
Gert en Samson
52%
In de disco
52%
Naar zee
52%
Vrolijke vrienden
52%
Het Kasteel van koning Samson
48%
Jiepie ja hee Jiepie ja hee
48%
Piloot
48%
Samsonlied
48%
Wij gaan naar de maan
48%
Wij willen voetballen
48%
Als je bang bent
43%
2010 Beste vriend
43%
De allerliefste hond
43%
2019 Het allerlaatste liedje
43%
Mac Samson en Mac gert
43%
Mexico
43%
Piraten potpourri
43%
Slaapliedje
43%
Bij Heidi in Tirol
38%
De trampoline
38%
Ole pistole
38%
Vliegen
38%
Vrede
38%
3 Wij gaan beginnen
38%
10 miljoen
33%
Aap in huis
33%
2010 Droom
33%
Het spook van de opera
33%
In het oerwoud
33%
Jimmy de cowboy
33%
Joebadoebadoe
33%
Klap maar in je handen
33%
8 Naar het circus
33%
Repeteren
33%
Robin Hood
33%
Storm op zee
33%
Vissen
33%
Wie gaat er mee
33%
2 Wij komen naar jou
33%
Yeah yeah yeah
33%
Als je de Samson doet
29%
Dan is het kerstmis
29%
De baby
29%
De bel doet 't niet
29%
De canon
29%
De jongens en de meisjes
29%
De muziek van kerstmis
29%
5 Druk
29%
7 Feest in de straat
29%
Singles 2008 Heet
29%
Ik ben de sigaar
29%
Ik wil niet in bad
29%
Koud
29%
2017 Lieve Kerstman
29%
Lieve samson
29%
Marlene
29%
Neefje kwik
29%
Octaaf de klusjesman
29%
Patatjes
29%
Samen delen
29%
Samson is bang
29%
Samson is ziek
29%
Samson Toch
29%
Sos
29%
t is afgelopen
29%
Verliefd zijn
29%
Vrienden
29%
Yankee Doodle dandy
29%
Zwemmen
29%
Amerika
24%
Beste vriend op aarde
24%
10 Bim bam bom
24%
Bobientje gaat verhuizen
24%
Bowlen
24%
De fanfare
24%
De hik
24%
De koekoeksklok
24%
De opera
24%
De pruikentijd
24%
De Samson-Samba
24%
De Snijdersbank
24%
De Wijde wereld
24%
Ding Dong
24%
Dromedaris
24%
Het dierenkoor
24%
Honolulu
24%
Ik ben verliefd
24%
Kapitein
24%
9 Kermis
24%
Klaar voor de start
24%
Mannetjes van Mars
24%
Marileen en Alexander
24%
Muizen
24%
Niet ver weg
24%
Op de foto
24%
Roeien
24%
Samson rui
24%
Sinterklaas en zwarte piet
24%
Skiën
24%
2009 Springen in de zee
24%
Supergert en supersamson
24%
2014 Tingelingeling
24%
Hotel op stelten Vrienden voor het leven
24%
Wakker worden
24%
2019 Warm
24%
4 Wat ben ik blij
24%
Welterusten
24%
Wij gaan niet slapen
24%
2013 Wij gaan vliegen
24%
Wij goochelen
24%
Wij weten wat liefde is
24%
Wij zijn rijk
24%
2014 Zwaaien
24%
Aan tafel
19%
Alle meisjes
19%
Als Samson droomt
19%
Bij boer Teun
19%
Cowboys en indianen
19%
Daar is de zon
19%
De duikboot
19%
6 De mooiste dag
19%
De stoomlocomotief
19%
De telefoon
19%
Feest vandaag
19%
2018 Handen hoog
19%
Hard Rock
19%
Hele Dikke vrienden
19%
Helemaal van slag
19%
Hiep hiep hoera voor de burgemeester
19%
Ik ben zo blij
19%
Ik moet plassen
19%
Je neus, je neus
19%
Krakzo de Mattebom
19%
Naar bed
19%
Ome Jaap
19%
Op het dak
19%
Radio
19%
Samen ikke en jij
19%
Stefanie van boer Teun
19%
Thuis
19%
T is een kwis
19%
Vandaag is het zo'n dag
19%
Verjaardag
19%
Ver ver ver verliefd
19%
Vrijdag de dertiende
19%
Wereldberoemd
19%
Wij zijn op elkaar
19%
Zangles
19%
2017 Zigge zagge zomer
19%
Zondag
19%
Als je heel erg verliefd bent
14%
Au
14%
De mooiste dromen
14%
Drummer
14%
Feestje voor de wereld
14%
Ferdinand de olifant
14%
Gekkebekkentrekken
14%
Hatsjie
14%
2013 Kerstmis Kerstmis
14%
Kijken naar de sterren
14%
Rinkelbel
14%
Samson City
14%
2018 Samson de kersthond
14%
2017 Samson is a dj
14%
Vooruit
14%
2008 Vrede op aarde
14%
Vrolijk liedje
14%
2015 Hiep hiep hiep hoera
10%
2016 Kei kei keileuke zomer
10%
2015 Kerst voor iedereen
10%
No matching quizzes found
Score Distribution
Percent of People with Each Score
Percentile by Number Answered
Your Score History
You have not taken this quiz since the last reset